Normal view
MARC view
- Younis, Hamad
Entry Personal Name
001 - CONTROL NUMBER
- control field: 97408
003 - CONTROL NUMBER IDENTIFIER
- control field: NUST
005 - DATE AND TIME OF LATEST TRANSACTION
- control field: 20220816112149.0
008 - FIXED-LENGTH DATA ELEMENTS
- fixed length control field: 220816|| aca||aabn | a|a d
040 ## - CATALOGING SOURCE
- Original cataloging agency: NUST
- Transcribing agency: NUST
100 ## - HEADING--PERSONAL NAME
- Personal name: Younis, Hamad
670 ## - SOURCE DATA FOUND
- Source citation: Work cat.: (NUST): Younis, Hamad , Fruit Detection and Yield Estimation from Video Data /
